<?xml version="1.0" encoding="UTF-8"?>
<record
    xmlns:xsi="http://www.w3.org/2001/XMLSchema-instance"
    xsi:schemaLocation="http://www.loc.gov/MARC21/slim http://www.loc.gov/standards/marcxml/schema/MARC21slim.xsd"
    xmlns="http://www.loc.gov/MARC21/slim">

  <leader>02172ngm a22004697a 4500</leader>
  <controlfield tag="006">a|||||s|||||00| 0 </controlfield>
  <controlfield tag="007">tz</controlfield>
  <controlfield tag="008">110613s2000    cau|||||s|||| 000 0 eng d</controlfield>
  <datafield tag="020" ind1=" " ind2=" ">
    <subfield code="a">0782010059</subfield>
  </datafield>
  <datafield tag="020" ind1=" " ind2=" ">
    <subfield code="a">9780782010053</subfield>
  </datafield>
  <datafield tag="082" ind1=" " ind2=" ">
    <subfield code="2">22</subfield>
    <subfield code="a">791.4372</subfield>
    <subfield code="b">RIO</subfield>
  </datafield>
  <datafield tag="245" ind1="0" ind2="0">
    <subfield code="a">Rio Grande</subfield>
    <subfield code="h">[videorecording]</subfield>
    <subfield code="c">Produced by John Ford, Merian C. Cooper; screenplay by James Kevin McGuinnes; directed by John Ford</subfield>
  </datafield>
  <datafield tag="260" ind1=" " ind2=" ">
    <subfield code="a">Los Angeles, CA : </subfield>
    <subfield code="b">Republic Pictures Corporation ;</subfield>
    <subfield code="a">Santa Monica, CA : </subfield>
    <subfield code="b">Distributed by Artisan Home Entertainment, 2000.</subfield>
    <subfield code="c">2000</subfield>
  </datafield>
  <datafield tag="300" ind1=" " ind2=" ">
    <subfield code="a">1 videodisc (105 min.) : </subfield>
    <subfield code="b">sd., b&amp;w ;</subfield>
    <subfield code="c"> 4 3/4 in.</subfield>
  </datafield>
  <datafield tag="490" ind1=" " ind2=" ">
    <subfield code="9">25160</subfield>
    <subfield code="a">John Wayne Collection</subfield>
  </datafield>
  <datafield tag="500" ind1=" " ind2=" ">
    <subfield code="a">Originally released as a motion picture in 1950</subfield>
  </datafield>
  <datafield tag="500" ind1=" " ind2=" ">
    <subfield code="a">Based on Saturday Evening Post story by James Warner Bellah.</subfield>
  </datafield>
  <datafield tag="508" ind1=" " ind2=" ">
    <subfield code="6">Director of photography, Bert Glennon ; film editor, Jack Murray ; music, Victor Young. </subfield>
  </datafield>
  <datafield tag="511" ind1=" " ind2=" ">
    <subfield code="a">John Wayne, Maureen O'Hara, Ben Johnson, Harry Carey, Jr., Chill Wills, J. Carrol Naish, Victor McLaughlin, Claude Jarman, Jr. </subfield>
  </datafield>
  <datafield tag="521" ind1=" " ind2=" ">
    <subfield code="a">Not rated</subfield>
  </datafield>
  <datafield tag="546" ind1=" " ind2=" ">
    <subfield code="a"> 	In English, dubbed French or dubbed Spanish with optional subtitles in French or Spanish; closed captioned.</subfield>
  </datafield>
  <datafield tag="650" ind1=" " ind2=" ">
    <subfield code="9">25065</subfield>
    <subfield code="a">Man-woman relationships</subfield>
    <subfield code="v">Drama </subfield>
  </datafield>
  <datafield tag="653" ind1=" " ind2=" ">
    <subfield code="c">June2011</subfield>
  </datafield>
  <datafield tag="655" ind1=" " ind2=" ">
    <subfield code="a">Feature films</subfield>
  </datafield>
  <datafield tag="655" ind1=" " ind2=" ">
    <subfield code="a">Western films</subfield>
  </datafield>
  <datafield tag="700" ind1=" " ind2=" ">
    <subfield code="9">25123</subfield>
    <subfield code="a">Young, Victor</subfield>
    <subfield code="e">msd</subfield>
  </datafield>
  <datafield tag="700" ind1=" " ind2=" ">
    <subfield code="9">25164</subfield>
    <subfield code="a">Ford, John</subfield>
    <subfield code="d">1894-1973</subfield>
    <subfield code="e">drt</subfield>
    <subfield code="e">pro</subfield>
  </datafield>
  <datafield tag="700" ind1=" " ind2=" ">
    <subfield code="9">25165</subfield>
    <subfield code="a">McGuinness, James Kevin</subfield>
    <subfield code="d">1894-1973</subfield>
    <subfield code="e">aus</subfield>
  </datafield>
  <datafield tag="700" ind1=" " ind2=" ">
    <subfield code="9">25168</subfield>
    <subfield code="a">Cooper, Merian C.</subfield>
    <subfield code="d">1894-1973</subfield>
    <subfield code="e">pro</subfield>
  </datafield>
  <datafield tag="700" ind1=" " ind2=" ">
    <subfield code="9">25169</subfield>
    <subfield code="a">Bellah, James Warner</subfield>
    <subfield code="d">1899-1976</subfield>
    <subfield code="e">aut</subfield>
  </datafield>
  <datafield tag="700" ind1=" " ind2=" ">
    <subfield code="9">25170</subfield>
    <subfield code="a">Glennon, Bert</subfield>
    <subfield code="d">1899-1976</subfield>
    <subfield code="e">cng</subfield>
  </datafield>
  <datafield tag="700" ind1=" " ind2=" ">
    <subfield code="9">25171</subfield>
    <subfield code="a">Murray, Jack</subfield>
    <subfield code="d">1899-1976</subfield>
    <subfield code="e">flm</subfield>
  </datafield>
  <datafield tag="700" ind1=" " ind2=" ">
    <subfield code="9">25179</subfield>
    <subfield code="a">Jarman, Claude</subfield>
    <subfield code="d">1934-</subfield>
    <subfield code="e">act</subfield>
  </datafield>
  <datafield tag="700" ind1=" " ind2=" ">
    <subfield code="9">25172</subfield>
    <subfield code="a"> Wayne, John</subfield>
    <subfield code="d">1907-1979   </subfield>
    <subfield code="e">act</subfield>
  </datafield>
  <datafield tag="700" ind1=" " ind2=" ">
    <subfield code="9">25173</subfield>
    <subfield code="a">O'Hara, Maureen</subfield>
    <subfield code="d">1920-   </subfield>
    <subfield code="e">act</subfield>
  </datafield>
  <datafield tag="700" ind1=" " ind2=" ">
    <subfield code="9">25174</subfield>
    <subfield code="a">Johnson, Ben</subfield>
    <subfield code="d">1918-1996</subfield>
    <subfield code="e">act</subfield>
  </datafield>
  <datafield tag="700" ind1=" " ind2=" ">
    <subfield code="9">25175</subfield>
    <subfield code="a">Carey, Harry</subfield>
    <subfield code="d">1921- </subfield>
    <subfield code="e">act</subfield>
  </datafield>
  <datafield tag="700" ind1=" " ind2=" ">
    <subfield code="9">25176</subfield>
    <subfield code="a">Wills, Chill</subfield>
    <subfield code="d">1902-1978   </subfield>
    <subfield code="e">act</subfield>
  </datafield>
  <datafield tag="700" ind1=" " ind2=" ">
    <subfield code="9">25177</subfield>
    <subfield code="a">Naish, J. Carrol</subfield>
    <subfield code="d">1896-1973</subfield>
    <subfield code="e">act</subfield>
  </datafield>
  <datafield tag="700" ind1=" " ind2=" ">
    <subfield code="9">25178</subfield>
    <subfield code="a">McLaughlin, Victor   </subfield>
    <subfield code="d">1896-1973</subfield>
    <subfield code="e">act</subfield>
  </datafield>
  <datafield tag="942" ind1=" " ind2=" ">
    <subfield code="2">ddc</subfield>
    <subfield code="c">CDVDMOV</subfield>
  </datafield>
  <datafield tag="999" ind1=" " ind2=" ">
    <subfield code="c">15588</subfield>
    <subfield code="d">15588</subfield>
  </datafield>
  <datafield tag="952" ind1=" " ind2=" ">
    <subfield code="0">0</subfield>
    <subfield code="1">0</subfield>
    <subfield code="2">ddc</subfield>
    <subfield code="4">0</subfield>
    <subfield code="7">0</subfield>
    <subfield code="8">Baccah</subfield>
    <subfield code="a">MAIN</subfield>
    <subfield code="b">MAIN</subfield>
    <subfield code="c">2ND</subfield>
    <subfield code="d">2011-06-13</subfield>
    <subfield code="e">purchase</subfield>
    <subfield code="g">149.00</subfield>
    <subfield code="h">12344</subfield>
    <subfield code="l">0</subfield>
    <subfield code="o">791.4372 RIO</subfield>
    <subfield code="p">000024130</subfield>
    <subfield code="r">2022-08-24 00:00:00</subfield>
    <subfield code="w">2011-06-13</subfield>
    <subfield code="y">CDVDN</subfield>
  </datafield>
</record>
